भारत की महान वैज्ञानिक विभूतियाँ / (Record no. 66618)
[ view plain ]
| 000 -LEADER | |
|---|---|
| fixed length control field | 01147 aa a2200253 4500 |
| 005 - DATE AND TIME OF LATEST TRANSACTION | |
| control field | 20120514152518.0 |
| 008 - FIXED-LENGTH DATA ELEMENTS--GENERAL INFORMATION | |
| fixed length control field | 080916t xxu||||| |||| 00| 0 hin d |
| 010 ## - LCCN (DPL NO) | |
| LC control number | B-151343 |
| 020 ## - INTERNATIONAL STANDARD BOOK NUMBER | |
| International Standard Book Number | 8186303219 |
| Terms of availability | 100.00 |
| 035 ## - SYSTEM CONTROL NUMBER | |
| System control number | B-151343 |
| 037 ## - SOURCE OF ACQUISITION | |
| Source of stock number/acquisition | |
| 082 ## - DEWEY DECIMAL CLASSIFICATION NUMBER | |
| Classification number | 509.2 |
| 100 ## - MAIN ENTRY--PERSONAL NAME | |
| Personal name | शर्मा, अशोक कुमार |
| 9 (RLIN) | 47090 |
| 245 ## - TITLE STATEMENT | |
| Title | भारत की महान वैज्ञानिक विभूतियाँ / |
| Statement of responsibility, etc | अशोक कुमार शर्मा |
| 246 ## - VARYING FORM OF TITLE | |
| Title proper/short title | |
| Remainder of title | |
| 260 ## - PUBLICATION, DISTRIBUTION, ETC. (IMPRINT) | |
| Place of publication, distribution, etc | दिल्ली |
| Name of publisher, distributor, etc | विक्रम प्रकाशन |
| Date of publication, distribution, etc | 2005 |
| 270 ## - ADDRESS | |
| Address | ई-11/5, कृष्णनगर |
| City | दिल्ली |
| Postal code | 110051 |
| 300 ## - PHYSICAL DESCRIPTION | |
| Extent | 95पृ |
| Dimensions | 22 सेमी (सजिल्द) |
| 650 ## - SUBJECT ADDED ENTRY--TOPICAL TERM | |
| Topical term or geographic name as entry element | हिन्दी कहानियाँ |
| 9 (RLIN) | 47091 |
| 650 ## - SUBJECT ADDED ENTRY--TOPICAL TERM | |
| Topical term or geographic name as entry element | Hindi Stories |
| 9 (RLIN) | 788 |
| 942 ## - ADDED ENTRY ELEMENTS (KOHA) | |
| Institution code [OBSOLETE] | dpl |
| Item type | Hindi Books |
| Source of classification or shelving scheme | Dewey Decimal Classification |
| Call number prefix | 509.2 |
| Call number suffix | शर्माअ |
| Withdrawn status | Lost status | Source of classification or shelving scheme | Damaged status | Not for loan | Collection code | Home library | Current library | Date acquired | Cost, normal purchase price | Total Checkouts | Full call number | Barcode | Date last seen | Cost, replacement price | Koha item type |
|---|---|---|---|---|---|---|---|---|---|---|---|---|---|---|---|
| Dewey Decimal Classification | Non-fiction | Sarojini Nagar | Sarojini Nagar | 14/05/2012 | 100.00 | 500 शर्माअ | B-151343 | 14/05/2012 | 100.00 | Hindi Books |
